00613nam a22001817a 450000500170000001000150001702000260003202000230005803500130008103700130009408200100010710000260011724501060014326000450024927000630029430000240035750000500038120141121120757.0 aENG-111226 a9780199452484c695.00 a0199452482c695.00 aEN-94758 bDBAD/PUB a891.4 aJoseph, Margaret Paul aJasmine on a string :cby Margaret Paul Josephba survery of women writing English fiction in India / aNew DelhibOxford University Pressc2014 aYMCA Library building, 1 Jai Singh RoadbNew Delhie110001 axi, 297p.c22cm(Hb) aIncludes bibliographical references and index